000 01490nam a2200313 a 4500
001 000016684
003 DO-SdBNP
005 20230308115615.0
007 ta
008 100309s1999 dr 000 0 spa d
040 _aDO-SdBNP
_bspa
_cBNPHU
082 4 _a347.05
_bC348c
_222
100 1 _aCastellanos Estrella, Víctor José
_911866
245 1 0 _aConcepto del derecho procesal penal y sus principios rectores :
_bprograma de actualización para Magistrados del Ministerio Público /
_cVíctor José Castellanos Estrella.
260 _aSanto Domingo :
_bCAMJ,
_c1999.
300 _a61 p. ;
_c21 cm.
490 1 _aCuadernos del Ministerio Público
_v1
500 _aIncluye datos biográficos del autor en la contracubierta.
500 _aIncluye referencias bibliográficas y notas al pie de las páginas.
505 0 _gPrólogo --
_tLa norma procesal --
_tEl Derecho Procesal Penal --
_tPrincipios rectores sobre los cuales descansa el derecho procesal penal --
_tLa justicia y los valores trascendentes --
_gBibliografía.
590 _aInventariado, 2018/LP
650 1 4 _aDerecho penal
_xLegislación
_zRepública Dominicana
_916570
650 1 4 _aProcedimiento penal
_zRepública Dominicana
_914474
650 1 4 _aFiscales
_xEducación
_937037
710 1 2 _aRepública Dominicana.
_bComisionado de Apoyo a la Reforma y Modernización de la Justicia
_917179
830 0 _aCuadernos del Ministerio Público
_937038
_n1
910 _aValidado. Control de calidad EMS.
942 _2ddc
_cLF1
999 _c16217
_d16217